000 00735nam a2200181Ia 4500
001 2561
003 GE_BSU
008 181216s||||||||xx |||||||||||||| ||und||
040 _cGE_BSU
080 _a323.1
245 _aჩარევა სასურველია:საჯარო დებატები ჰაინრიჰ ბიოლის ფონდში
245 _cნინო ლეჟავა. რედ. ნინო ბექიშვილი
260 _aთბილისი
260 _c2008
300 _a443გვ.
653 _aჩარევა სასურველია:საჯარო დებატები ჰაინრიჰ ბიოლის ფონდში
942 _cBK
999 _c36641
_d36641